Religious plurality, Gandhian thought and environmental issues (Record no. 1399837)

MARC details
000 -LEADER
fixed length control field 00673nam a2200217Ia 4500
005 - DATE AND TIME OF LATEST TRANSACTION
control field 20250508170220.0
008 - FIXED-LENGTH DATA ELEMENTS--GENERAL INFORMATION
fixed length control field 008 250505s9999 xx 000 0 eng d
020 ## - INTERNATIONAL STANDARD BOOK NUMBER
International Standard Book Number 81-85983-26-7
037 ## - SOURCE OF ACQUISITION
Stock number Textual
040 ## - CATALOGING SOURCE
Original cataloging agency FEDL
Language of cataloging eng
Transcribing agency FEDL
041 ## - LANGUAGE CODE
Language code of text/sound track or separate title eng
Source of code eng
084 ## - COLON CLASSIFICATION NUMBER
Classification number 294, BHA
Assigning agency FEDL
100 ## - MAIN ENTRY--PERSONAL NAME
Personal name Bhatia Ravi P Ed.
9 (RLIN) 607996
245 #0 - TITLE STATEMENT
Title Religious plurality, Gandhian thought and environmental issues
260 ## - PUBLICATION, DISTRIBUTION, ETC.
Place of publication, distribution, etc. New Delhi, India
Name of publisher, distributor, etc. IMH
Date of publication, distribution, etc. 2012
300 ## - PHYSICAL DESCRIPTION
Extent xxii, 304p.
365 ## - TRADE PRICE
Price type code INR
Price amount 480
546 ## - LANGUAGE NOTE
Language note Acc. No. 87674 is gifted by Author and 93838 is gifted by Prof. Salaja Chennat
942 ## - ADDED ENTRY ELEMENTS (KOHA)
Koha item type Textual
Classification part 294, BHA
Holdings
Withdrawn status Lost status Damaged status Not for loan Home library Current library Date acquired Cost, normal purchase price Total Checkouts Full call number Barcode Date last seen Price effective from Koha item type
        Department of Education Library Department of Education Library 2025-05-08 480.00   294, BHA EL0093838 2025-05-08 2025-05-08 Textual
Copyright @ Delhi University Library System